000 01013nam a22003017a 4500
003 CHAP
005 20220329135952.0
008 971013s1977 r 00010 d
010 _a44900
011 _a45872
035 _a50012
040 _cCHAP
082 _a001.542
_bR3
100 _aRangel Hinojosa, Mónica.
_994603
245 _aComunicación oral
260 _aMéxico, D. F. :
_bTrillas,
_c1977
300 _a91 p.
_b: ilus.
490 _aCursos básicos para formación de profesores. Area de lengua y comunicación
_v; 4
590 _aBATCH-UPD
_b10
_c20130110
_lUCH01
_h2233
590 _aBATCH-UPD
_b10
_c20130410
_lUCH01
_h1528
590 _aBATCH-UPD
_b10
_c20130914
_lUCH01
_h1736
590 _aCONVERSION
_b10
_c20130109
_lUCH01
_h1325
650 1 4 _aComunicación oral.
_926238
830 0 _aCursos básicos para formación de profesores. Area de lengua y comunicación
_v; 4
_930706
901 _aBK
942 _cLIBRO
949 _a001.542 R3
_bBC
_cLIBRO
_d33724000225983
_eLIBRO
_h54493
_i50012
_si
999 _c44900
_d44900